| 000 | 02592cam a22006494i 4500 | ||
|---|---|---|---|
| 003 | PE-LiUPU | ||
| 005 | 20250731170420.0 | ||
| 008 | 160715t20162016mau rb 001 0 eng d | ||
| 020 | _a0739164953 | ||
| 020 | _a9780739164952 | ||
| 020 |
_z9781498564976 _q(ebook) |
||
| 035 | _a(Sirsi) i9780739164952 | ||
| 035 | _a(OCoLC)953630633 | ||
| 040 |
_aYDXCP _bspa _erda _cYDXCP _dBTCTA _dBDX _dOCLCQ _dCDX _dOCLCF _dLGG _dCOD _dSOI _dPE-LiUPU |
||
| 049 | _aPRUA | ||
| 050 | 4 |
_aGE42 _b.F67 2016 |
|
| 082 | 0 | 4 |
_a179.1 _bF77 _223 |
| 100 | 1 |
_aFoster, Matthew Robert, _d1951- , _eautor. |
|
| 245 | 1 | 4 |
_aThe human relationship to nature : _bthe limit of reason, the basis of value, and the crisis of environmental ethics / _cMatthew R. Foster. |
| 264 | 1 |
_aLanham, Maryland : _bLexington Books, _c[2016] |
|
| 300 |
_axxv, 463 páginas ; _c24 centímetros |
||
| 336 |
_atext _2rdacontent |
||
| 337 |
_aunmediated _2rdamedia |
||
| 338 |
_avolume _2rdacarrier |
||
| 504 | _aBibliografía : páginas 449-455. | ||
| 505 | 0 | _aTask : what should be the human relationship to nature? -- Tools : the way of moral reasoning -- Plan : comparative testing of three ethics -- The progress ethic -- The stewardship ethic -- The connection ethic -- Assessment : comparisons of the three ethics -- Foundations : the meta-ethical problem in each ethic -- Foundation : the shared meta-ethical problem and a proposal -- Sorting resources -- New perspectives on four variables -- Toward a new ethic -- Appendix : The moral argument of four environmental ethics. | |
| 526 | _aSEG68 | ||
| 526 | _aSEG70 | ||
| 526 | _aSEG69 | ||
| 526 | _aSEG67 | ||
| 526 | _aSEG43 | ||
| 526 | _aP144 | ||
| 526 | _aP143 | ||
| 526 | _aP131 | ||
| 526 | _aP122 | ||
| 526 | _aP120 | ||
| 526 | _aP117 | ||
| 526 | _aP112 | ||
| 526 | _aP110 | ||
| 526 | _aP106 | ||
| 526 | _aP101 | ||
| 526 | _aP80 | ||
| 526 | _aP59 | ||
| 526 | _aP54 | ||
| 526 | _aP35 | ||
| 526 | _aP33 | ||
| 526 | _aP30 | ||
| 650 | 4 | _aÉtica medioambiental. | |
| 650 | 7 |
_aEnvironmental ethics. _2fast _0(OCoLC)fst00912979 |
|
| 910 |
_adbm _bebj _cebj _d20180105 |
||
| 942 |
_2ddc _cBOOK |
||
| 949 |
_a179.1 F77 _wDEWEY _c1 _i77871 _lCATALOGING _mBUL _p84.00 _r0 _sY _tBOOK _u2018-01-05 _xPOSGRADO _PP85 _0DONACION _o.STAFF. Colección Teología. |
||
| 994 |
_aC0 _bPEPRU |
||
| 596 | _a1 | ||
| 999 |
_a179.1 F77 _wDEWEY _c26568 _i77871 _f2021-11-9 _g4 _lCCODEBUL1 _mBUL _p84.00 _r0 _sY _tBOOK _u2018-1-5 _xTEOLOGIA _PP85 _0COMPRA _o.STAFF. Colección Teología. _d26568 |
||
| 980 |
_81 _gALBERTO SANCHEZ Responsable de Automatización |
||